000 01433cam a2200217 4500
001 ##L134614
008 060818n2006 000 0 eng u
035 _a(Sirsi) u134614
041 0 _aeng
050 0 4 _a312.273 $2 18
110 1 _aGreat Britain
_bHealth and Safety Commission
245 0 0 _aStatistics of fatal injuries
_b2005-06
260 _aSudbury
_bHealth and Safety Executive
_c2006
520 _aContains the latest detailed statistics on fatal injuries in the workplace in 2005-06. Reveals that two industries, construction and agriculture, forestry and fisheries, accounted for 43% of the 212 fatal injuries in that period. There were 59 fatal injuries in the construction industry, compared to 69 in the previous year, a reduction of 14%. The rate of fatal injury to construction workers fell to its lowest level on record, to 3.0 per 100 000 workers, from 3.5 the previous year. Falling from height continues to be the most common kind of accident, although at 46 this is also now the lowest on record. The rate of fatal injury to British workers is the lowest of all EU member states. Contains graphs, bar charts and tables.
590 _aIKA220806
651 4 _aGREAT BRITAIN
690 _aHealth and safety
_96244
710 1 _aUnited Kingdom
_bOffice of National Statistics
_92035
856 4 0 _uhttps://www.hse.gov.uk/statistics/overpic.htm
_zView the item free of charge at www.hse.gov.uk/...
942 _n0
999 _c105747
_d105747